| 000 | 00879nas a2200289 4500 | ||
|---|---|---|---|
| 001 | BR2012003797 | ||
| 003 | BR-BrBNA | ||
| 005 | 20231205120628.0 | ||
| 007 | ta | ||
| 008 | 230509b bl.|||p| |||| 00| 00por d | ||
| 040 |
_aBR-BrBNA _bpor _cBiblioteca Nacional de Agricultura |
||
| 041 | _a(Pt) | ||
| 072 | _aS01 | ||
| 100 | 1 | _aAlmeida, M.E.F. de | |
| 100 | 1 | _aCorrêa, A.D. | |
| 245 | 1 | _aUtilização de cactáceas do gênero Pereskia na alimentação humana em um município de Minas Gearsi | |
| 650 | _aCACTACEAE | ||
| 650 | _aPERESKIA ACULEATA | ||
| 650 | _aORA PRO NOBIS | ||
| 650 | _aNUTRIÇÃO HUMANA | ||
| 650 | _aHÁBITO ALIMENTAR | ||
| 650 | _aCONSUMO | ||
| 650 | _aMINAS GERAIS | ||
| 773 | 0 |
_tCiência Rural (Brazil) _xISSN 0103-8478 _g(Apr 2012), v. 42(4) p. 751-756 _wBR2012003797 |
|
| 909 |
_a202311 _bLúcia _c55 _dLúcia Elande |
||
| 942 |
_2AGRIS _n0 _cANA |
||
| 999 |
_c219454 _d219454 |
||